| 000 | 00783nam a22002537i 4500 | ||
|---|---|---|---|
| 003 | DO-SdBNP | ||
| 005 | 20250609091901.0 | ||
| 007 | ta | ||
| 008 | 250606b2009 |||||||| |||| 00| 0 spa d | ||
| 020 | _a9780822344827 | ||
| 040 |
_aDO-SdBNP _bspa _cBNPHU _erda |
||
| 041 | _heng | ||
| 082 |
_axxx _bD427d _222 |
||
| 100 |
_aDerby, Lauren _eautor _976308 |
||
| 245 | 1 | 0 |
_aThe dictator's seduction : _bpolitics and the popular imagination in the era of Trujillo / _cLauren Derby |
| 264 |
_aSanto Domingo : _bDuke University Press, _c2009 |
||
| 300 |
_a410 páginas : _bilustraciones ; _c25 cm |
||
| 336 |
_ardacontent _btexto _2txt |
||
| 337 |
_ardamedia _bsin mediación _2n |
||
| 338 |
_ardacarrier _bvolumen _2nc |
||
| 590 | _aInventariado, 2025/DG | ||
| 910 | _aDG | ||
| 942 |
_2ddc _cLBS1 |
||
| 999 |
_c59170 _d59170 |
||